Statistics for Greece Euro 2016 qualifiers squad

Click here to take the quiz!

General Stats

  • This quiz has been taken 65 times
  • The average score is 13 of 28

Answer Stats

Hint Answer % Correct
DFKostas ManolasRoma
86%
DFSokratis PapastathopoulosBorussia Dortmund
86%
FWKostas MitroglouOlympiakos(on loan from Fulham)
80%
GKOrestis KarnezisUdinese
78%
DFVasilis TorosidisRoma
69%
MFAndreas SamarisBenfica
65%
DFKyriakos PapadopoulosLeverkusen
61%
MFPanagiotis KoneUdinese
61%
GKStefanos KapinoMainz 05
59%
DFLoukas VyntraLevante
55%
MFKostas FortounisOlympiakos
51%
DFVangelis MorasHellas Verona
51%
MFLazaros ChristodoulopoulosHellas Verona
47%
MFGiannis ManiatisOlympiakos
47%
FWStefanos AthanasiadisPAOK
45%
DFKostas StafylidisFulham( on loan from Leverkusen)
45%
MFPanagiotis TachtsidisHellas Verona(on loan from Genoa)
41%
FWNikos KarelisPanathinaikos
39%
MFAlexandros TziolisPAOK
35%
MFSotiris NinisPanathinaikos
31%
GKMarkos VellidisPas Giannina
31%
MFIoannis FetfatzidisChievo Verona(on loan from Genoa)
29%
MFKostas KatsouranisAtromitos
27%
MFDimitris KolovosPanionios(on loan from Olympiakos)
24%
COACHSergio Markarian-
16%
DFChristos TasoulisPanionios
12%
DFStathis TavlaridisPanathinaikos
12%
MFTaxiarchis FountasAsteras Tripolis
10%

Score Distribution

Percentile by Number Answered

Percent of People with Each Score

Your Score History

You have not taken this quiz